| 000 | 01360nam0a22003491 4500 | ||
|---|---|---|---|
| 001 | rc\2812275 | ||
| 005 | 20250806210802.0 | ||
| 035 | _a(NLR Aleph) 006938101 | ||
| 090 |
_a36706 _c36706 |
||
| 100 | _a20110915d1944 u y0rusy50 ca | ||
| 101 | 0 | _arus | |
| 102 | _aRU | ||
| 105 | _ay z |||a| | ||
| 200 | 1 |
_aВ родных местах _eРассказы _fА. Серафимович |
|
| 210 |
_aМосква _cВоенмориздат _d1944 |
||
| 215 |
_a56 с. _d14 см. |
||
| 327 | 1 | _aСодерж.: Моряк социалистической страны. В родных местах. Ребенок. На хуторе. Ребята. Лекция. Веселый день | |
| 464 | 0 | _12000#$aВеселый день | |
| 464 | 0 | _12000#$aРебята | |
| 464 | 0 | _12000#$aЛекция | |
| 464 | 0 | _12000#$aРебенок | |
| 464 | 0 | _12000#$aНа хуторе | |
| 464 | 0 | _12000#$aМоряк социалистической страны | |
| 464 | 0 | _12000#$aВ родных местах | |
| 700 | 1 |
_aСерафимович _bА. С. _f1863-1949 _gАлександр Серафимович _3RU\NLR\auth\7726376 _4570 |
|
| 801 | 0 |
_aRU _bNLR _gpsbo |
|
| 801 | 1 |
_aRU _bELAR _2rusmarc |
|
| 852 |
_aNLR _jЛ30 Г-2/636 |
||
| 942 | _cBOOK | ||
| 945 | _aРоссийская национальная библиотека | ||
| 980 | _aNB | ||
| 980 | _aBV | ||